000 00473nam a2200157Ia 4500
008 100122s9999 xx 000 0 und d
082 _b22630
_a821
100 _aरेगे पु शि
245 _aसुहृद गाथा
260 _bकॉटिनेंटल प्रकाशन
_c1975
300 _a146
630 _aसुहृद गाथा
700 _aपाटील गणपत
730 _aसुहृद गाथा
942 _cBOOK
999 _c410402
_d410399